| 000 | 01237nam a2200325 a 4500 | ||
|---|---|---|---|
| 001 | BRCA_3116 | ||
| 005 | 20190320204123.0 | ||
| 008 | 290109s1850----fr-a---###---#000-0#fre-u | ||
| 041 | _afre | ||
| 044 | _afr | ||
| 084 |
_a422 _b.W374 _c1850 |
||
| 100 | 1 |
_aCervantes Saavedra, Miguel de _d1547-1616 _9213 |
|
| 245 | 1 | 0 |
_aHistoire de Don Quichotte _cMiguel de Cervantes ; Illustrations de Th. Guérin. |
| 260 |
_aParís _bCharles Warée _c1850 |
||
| 300 |
_a355 p. _bil. _c17 cm. |
||
| 500 | _aContenido : Primera parte. Texto. Segunda parte. Texto | ||
| 500 | _aEdición : Racontée à la Jeunesse par Ortaire Fournier | ||
| 500 | _aCompendio arreglado para la juventud, por O. Founier e ilustrado por Guérin. Bien impreso Lúdovik Osterc | ||
| 500 | _aQMR122 | ||
| 546 | _aTexto en : francés | ||
| 650 | 1 | 4 |
_aNovela española _yÉpoca clásica, 1500-1700 _9215 |
| 650 | 1 | 4 |
_aLiteratura española _yÉpoca clásica, 1500-1700 _9216 |
| 650 | 1 | 4 |
_aNovela española _ySiglo XVII _9217 |
| 650 | 1 | 4 |
_aDon Quijote (Personaje ficticio) _eNovela _9218 |
| 700 | 1 |
_aGuérin _eIlustrador _98472 |
|
| 700 | 1 |
_aFourier, Ortaire _eAnotador _98473 |
|
| 740 | 0 | _aEl Ingenioso Hidalgo Don Quijote de la Mancha | |
| 902 | _aQFM | ||
| 942 |
_2lcc _cB |
||
| 999 |
_c2852 _d2852 |
||